000 01042nam a2200337 a 4500
003 AR-BaBNM
005 20251128210127.0
008 082120s2002 ||||||||||||||000 | spa||
020 _a987-97090-0-4
040 _cAR-BaBNM
100 1 _aMarcon, Atilio
245 0 0 _aLos medios de comunicación y la lectura del mundo actual
_bpropuestas para la Educación General Básica
250 _a1ª ed.
260 _aBuenos Aires
_bEdiciones Caminos...
_c1998
300 _a95 p.
_bil.
490 0 _aAportes para la transformación educativa
504 _aContiene bibliografía p. 92-93
650 4 _aMEDIOS DE COMUNICACION
650 4 _aTECNOLOGIA EDUCATIVA
650 4 _aMETODOS DE ENSEÑANZA
650 4 _aDIARIOS
650 4 _aBUSQUEDA DE INFORMACION
650 4 _aDIFUSION DE LA INFORMACION
650 4 _aUTILIZACION DE LA INFORMACION
653 _aESTRATEGIAS EDUCATIVAS
653 _aPROYECTOS DE AULA
653 _aEDUCACION GENERAL BASICA
800 1 _aPastorino, Hector Oscar
942 _cBK
998 _cRaquel
999 _c14158
_d14158